Les nouvelles garanties de financement. Aspects pratiques des sûretés réelles conventionnelles mobilières et immobilières
Na minha lista:
| Autor principal: | |
|---|---|
| Formato: | Livro |
| Idioma: | francês |
| Publicado em: |
París
Les éditions EFE
2007
|
| Assuntos: | |
| Tags: |
Adicionar Tag
Sem tags, seja o primeiro a adicionar uma tag!
|
MARC
| LEADER | 00000nam a2200000 a 4500 | ||
|---|---|---|---|
| 001 | UCG6097 | ||
| 003 | CL-VaPUC | ||
| 008 | 110331e20070000FR |||||||||||||||||fre|d | ||
| 020 | |a 9782915661125 | ||
| 082 | 0 | 4 | |a 346.0437 |b MAT |2 21 |
| 100 | |a Mathieu, Marie-Elisabeth |e autora |9 556107 | ||
| 245 | 1 | 4 | |a Les nouvelles garanties de financement. Aspects pratiques des sûretés réelles conventionnelles mobilières et immobilières |
| 300 | |a 328 p | ||
| 942 | |c BK | ||
| 945 | |d 20110331 00:00:00 |a jcampos | ||
| 260 | |a París |b Les éditions EFE |c 2007 | ||
| 650 | 0 | |a Derecho privado |9 258243 | |
| 650 | 0 | |a Bienes raíces |9 307158 | |
| 650 | 0 | |a Bienes muebles |9 380927 | |
| 650 | 0 | |a Prenda |9 254917 | |
| 583 | |a last modification |c 20110331 00:00:00 |k Rodrigo Vera | ||
| 999 | |c 344394 |d 344392 | ||
| 952 | |0 0 |1 0 |4 0 |6 346_043700000000000_MAT_2007 |7 0 |8 A |9 442343 |a BIBDER |b BIBDER |d 2019-11-22 |i 4763025 |o 346.0437 MAT 2007 |p 4763025 |r 2023-01-25 |w 2019-11-22 |y BK |k DER | ||